| 000 | 00343nam a2200133Ia 4500 | ||
|---|---|---|---|
| 008 | 220204s9999 xx 000 0 und d | ||
| 082 |
_a676:614.7 _bALL |
||
| 100 | _aAllan, Leslie | ||
| 245 | 0 | _aPollution in the pulp and paper industry | |
| 260 |
_aCambridge _bMit _c1972 |
||
| 650 | _apaper industry | ||
| 650 | _aPulp industry | ||
| 942 | _cBK | ||
| 999 |
_c24038 _d24038 |
||